<?xml version="1.0" encoding="UTF-8"?>
<record
    xmlns:xsi="http://www.w3.org/2001/XMLSchema-instance"
    xsi:schemaLocation="http://www.loc.gov/MARC21/slim http://www.loc.gov/standards/marcxml/schema/MARC21slim.xsd"
    xmlns="http://www.loc.gov/MARC21/slim">

  <leader>01931Cam#a2200457#a#4500</leader>
  <controlfield tag="005">20220224182325.0</controlfield>
  <controlfield tag="008">160308s2014    ag ado  #f    #000|0spa d</controlfield>
  <datafield tag="020" ind1=" " ind2=" ">
    <subfield code="a">9789501311341</subfield>
  </datafield>
  <datafield tag="040" ind1=" " ind2=" ">
    <subfield code="a">AR-BeUNQ</subfield>
    <subfield code="b">spa</subfield>
  </datafield>
  <datafield tag="082" ind1="0" ind2="4">
    <subfield code="a">507</subfield>
    <subfield code="2">21</subfield>
  </datafield>
  <datafield tag="245" ind1="0" ind2="0">
    <subfield code="a">Ciencias naturales /  </subfield>
    <subfield code="c">autor&#xED;a, Ariel Carranza... [et al.] ; edici&#xF3;n, Ignacio Miller.</subfield>
  </datafield>
  <datafield tag="250" ind1=" " ind2=" ">
    <subfield code="a">1a. ed.</subfield>
  </datafield>
  <datafield tag="260" ind1=" " ind2=" ">
    <subfield code="a">Buenos Aires : </subfield>
    <subfield code="b">Kapelusz, </subfield>
    <subfield code="c">c2014.</subfield>
  </datafield>
  <datafield tag="300" ind1=" " ind2=" ">
    <subfield code="a">240 : </subfield>
    <subfield code="b">il., fot., gr&#xE1;ficos ; </subfield>
    <subfield code="c">28 cm.</subfield>
  </datafield>
  <datafield tag="490" ind1="1" ind2=" ">
    <subfield code="a">Contextos digitales</subfield>
  </datafield>
  <datafield tag="505" ind1="0" ind2=" ">
    <subfield code="a">Los materiales y sus propiedades -- Las mezclas -- El agua -- La diversidad de la energ&#xED;a -- Los intercambios de energ&#xED;a -- Los movimientos -- La tierra y el universo -- Unidad y diversidad de los seres vivos -- Las plantas -- Los animales -- Los hongos, los protistas y los procariontes -- Los ecosistemas -- La organizaci&#xF3;n del cuerpo humano -- La reproducci&#xF3;n y el desarrollo en el ser humano -- La nutrici&#xF3;n y la alimentaci&#xF3;n en el ser humano</subfield>
  </datafield>
  <datafield tag="650" ind1=" " ind2="7">
    <subfield code="a">Qu&#xED;mica</subfield>
    <subfield code="2">spines</subfield>
  </datafield>
  <datafield tag="650" ind1=" " ind2="7">
    <subfield code="a">F&#xED;sica</subfield>
    <subfield code="2">spines</subfield>
  </datafield>
  <datafield tag="650" ind1=" " ind2="7">
    <subfield code="a">Materia (f&#xED;sica)</subfield>
    <subfield code="2">spines</subfield>
  </datafield>
  <datafield tag="650" ind1=" " ind2="7">
    <subfield code="a">Mezcla</subfield>
    <subfield code="2">spines</subfield>
  </datafield>
  <datafield tag="650" ind1=" " ind2="7">
    <subfield code="a">Agua</subfield>
    <subfield code="2">spines</subfield>
  </datafield>
  <datafield tag="650" ind1=" " ind2="7">
    <subfield code="a">Energ&#xED;a (f&#xED;sica)</subfield>
    <subfield code="2">spines</subfield>
  </datafield>
  <datafield tag="650" ind1=" " ind2="7">
    <subfield code="a">Movimiento (f&#xED;sica)</subfield>
    <subfield code="2">spines</subfield>
  </datafield>
  <datafield tag="650" ind1=" " ind2="7">
    <subfield code="a">Astronom&#xED;a</subfield>
    <subfield code="2">spines</subfield>
  </datafield>
  <datafield tag="650" ind1=" " ind2="7">
    <subfield code="a">Animales</subfield>
    <subfield code="2">spines</subfield>
  </datafield>
  <datafield tag="650" ind1=" " ind2="7">
    <subfield code="a">Plantas (bot&#xE1;nica)</subfield>
    <subfield code="2">spines</subfield>
  </datafield>
  <datafield tag="650" ind1=" " ind2="7">
    <subfield code="a">Hongos</subfield>
    <subfield code="2">spines</subfield>
  </datafield>
  <datafield tag="650" ind1=" " ind2="7">
    <subfield code="a">Ecosistemas</subfield>
    <subfield code="2">spines</subfield>
  </datafield>
  <datafield tag="650" ind1=" " ind2="7">
    <subfield code="a">Nutrici&#xF3;n</subfield>
    <subfield code="2">spines</subfield>
  </datafield>
  <datafield tag="650" ind1=" " ind2="7">
    <subfield code="a">Reproducci&#xF3;n (fisiolog&#xED;a)</subfield>
    <subfield code="2">spines</subfield>
  </datafield>
  <datafield tag="650" ind1=" " ind2="7">
    <subfield code="a">Fisiolog&#xED;a</subfield>
    <subfield code="2">spines</subfield>
  </datafield>
  <datafield tag="650" ind1=" " ind2="7">
    <subfield code="a">Ense&#xF1;anza media</subfield>
    <subfield code="2">spines</subfield>
  </datafield>
  <datafield tag="650" ind1=" " ind2="7">
    <subfield code="a">Manuales</subfield>
    <subfield code="2">spines</subfield>
  </datafield>
  <datafield tag="650" ind1=" " ind2="7">
    <subfield code="a">Ciencias f&#xED;sicas y naturales</subfield>
    <subfield code="2">spines</subfield>
  </datafield>
  <datafield tag="653" ind1=" " ind2=" ">
    <subfield code="a">Biodiversidad</subfield>
  </datafield>
  <datafield tag="700" ind1="1" ind2=" ">
    <subfield code="a">Carranza, Ariel</subfield>
  </datafield>
  <datafield tag="700" ind1="1" ind2=" ">
    <subfield code="a">Miller, Ignacio, </subfield>
    <subfield code="e">editor</subfield>
    <subfield code="4">edt</subfield>
  </datafield>
  <datafield tag="830" ind1=" " ind2="0">
    <subfield code="a">Contextos digitales (Kapeluz).</subfield>
  </datafield>
  <datafield tag="929" ind1=" " ind2=" ">
    <subfield code="a">COMPRA</subfield>
    <subfield code="b">El Monje Libros</subfield>
    <subfield code="c">Compra 2015 Exp. 827-2158/15</subfield>
    <subfield code="d">231,30</subfield>
    <subfield code="e">20151229</subfield>
    <subfield code="f">PAT0062397</subfield>
    <subfield code="j">54236</subfield>
  </datafield>
  <datafield tag="942" ind1=" " ind2=" ">
    <subfield code="c">LIB</subfield>
    <subfield code="n">0</subfield>
  </datafield>
  <datafield tag="999" ind1=" " ind2=" ">
    <subfield code="c">107</subfield>
    <subfield code="d">107</subfield>
  </datafield>
  <datafield tag="952" ind1=" " ind2=" ">
    <subfield code="0">0</subfield>
    <subfield code="1">0</subfield>
    <subfield code="a">BIBESET</subfield>
    <subfield code="b">BIBESET</subfield>
    <subfield code="c">circulacion</subfield>
    <subfield code="d">2016-06-02</subfield>
    <subfield code="l">0</subfield>
    <subfield code="o">507 CIE</subfield>
    <subfield code="p">54236</subfield>
    <subfield code="r">2016-06-02</subfield>
    <subfield code="t">1</subfield>
    <subfield code="w">2022-02-24</subfield>
    <subfield code="y">LIB</subfield>
    <subfield code="k">CMG</subfield>
  </datafield>
</record>
